Vista normal Vista MARC

Entrada Materia (personas)

Número de registros utilizados en: 1

001 - CONTROL NUMBER

  • control field: 188187

003 - CONTROL NUMBER IDENTIFIER

  • control field: Co-BoUCM

005 - DATE AND TIME OF LATEST TRANSACTION

  • control field: 20260226145542.0

008 - FIXED-LENGTH DATA ELEMENTS

  • fixed length control field: 260226|| aca||aabn | a|a d

040 ## - CATALOGING SOURCE

  • Original cataloging agency: Co-BoUCM
  • Transcribing agency: Co-BoUCM

100 ## - HEADING--PERSONAL NAME

  • Personal name: Martí, María
  • Titles and other words associated with a name: viuda, eimp

670 ## - SOURCE DATA FOUND

  • Source citation: Work cat.: (Co-BoUCM)36435: Vieira, Anto'nio 1608-1697 188186, El V. P. Antonio de Vieyra de la compañia de Jesus, todos sus sermones, y obras diferentes, que de su original Portuguès se han traducido en Castellano, reducido esta primera vez a orden, e impressos en quatro tomos, 1734